00663nam a2200205 a 4500008004100000020003000041040001500071110001900086245008600105264005800191300003100249336002600280337002800306338002700334440002600361650003100387700002100418003000100439005001700440  a9781842600443 (Paperback) aNUSTcNUST2 aAppleby, Tony.10aTaxation of capital gains :bFinance Act 2002 /cTony Appleby and Finola O'Hanlon 1aDublin :bThe Institute of Taxation in Ireland,c2002 axxxvi, 1254 pages ;c23 cm atextbtxt2rdacontent aunmediatedbn2rdamedia avolumebnc2rdacarrier aTaxation series, 2002 0aCapital gains taxzIreland aO'Hanlon, Finola20230123133945.0